000 00997 a2200229 4500
005 20260102114828.0
008 260102b |||||||| |||| 00| 0 eng d
020 _a9789393112804 (hbk)
037 _cTB
040 _aAL
_cAL
041 _2hin
_ahin
_hsan
084 _aO15,1N86x R4
_qAL
100 _aतिवारी, शशिकान्त 'शशिधर'
_9821909
245 _aरसरन्जिनी
260 _aनई दिल्ली, भारत:
_bप्रगतिशील प्रकाशन,
_c2024.
300 _a109पृ.
365 _b400.00
_cINR
650 _aसंस्कृत कविता
_9861212
650 _aसंस्कृत साहित्य
_9861213
942 _cTB
_2CC
_n0
_hO15,1N86x R4
999 _c1435746
_d1435746